Beretta - Zamdane - Statistiques

Statistiques générales
  • Ce quiz a été pris 21 fois
  • Le résultat moyen est 165 sur 453
Statistiques - réponses
Hint Réponse % Correct
à
88%
est
88%
je
88%
un
88%
couplet 1 elle
81%
ma
81%
m’a
81%
mais
81%
vie
81%
aristocrate
75%
belle
75%
et
75%
la
75%
le
75%
m’en
75%
beretta
69%
ça
69%
classe
69%
dans
69%
du
69%
d’un
69%
69%
pas
69%
resto
69%
ce
63%
c’est
63%
on
63%
ailleurs
56%
base
56%
brille
56%
de
56%
j’l’emmène
56%
les
56%
naturel
56%
par
56%
sa
56%
refrain bébé
50%
comme
50%
crade
50%
étoiles
50%
j’ai
50%
j’aime
50%
jour
50%
j’suis
50%
j’viens
50%
m’amuse
50%
mener
50%
parce
50%
pluie
50%
plus
50%
qu’à
50%
que
50%
verte
50%
j’me
44%
moi
44%
pour
44%
sans
44%
sous
44%
bien
38%
dit
38%
j’sais
38%
intro l’herbe
38%
38%
ou
38%
peu
38%
pitié
38%
qui
38%
vers
38%
ans
31%
était
31%
j’m’ennuie
31%
mon
31%
qu’l’herbe
31%
qu’lherbe
31%
soir
31%
trois
31%
une
31%
couleurs
25%
des
25%
d’shit
25%
elles
25%
entre
25%
fait
25%
feat
25%
fermes
25%
fois
25%
hein
25%
j’aimerais
25%
j’rêve
25%
j’vois
25%
j’y
25%
leur
25%
longtemps
25%
même
25%
m’enfuir
25%
parlent
25%
prends
25%
son
25%
trop
25%
y’a
25%
âme
19%
arbre
19%
armes
19%
attentive
19%
aux
19%
avec
19%
bout
19%
centenaire
19%
chaque
19%
château
19%
cœur
19%
confonds
19%
côté
19%
dire
19%
d’justice
19%
d’tendre
19%
fft
19%
font
19%
frère
19%
gens
19%
grand
19%
ici
19%
insensé
19%
j’devrais
19%
j’essaie
19%
juste
19%
j’vais
19%
laisse
19%
m’enterre
19%
mère
19%
mes
19%
morceau
19%
oreille
19%
pere
19%
pouh
19%
promis
19%
qu’est
19%
qu’on
19%
se
19%
si
19%
sont
19%
toum
19%
unique
19%
années
13%
arrive
13%
blanc
13%
boum
13%
case
13%
cheval
13%
claque
13%
crois
13%
délinquant
13%
demandé
13%
d’embrouilles
13%
d’la
13%
d’litiges
13%
d’remparts
13%
ennemi
13%
fiche
13%
froncés
13%
guetto
13%
jamais
13%
jardin
13%
j’crois
13%
kich
13%
language
13%
l’fond
13%
marocain
13%
passer
13%
pauvre
13%
quand
13%
quelqu’un
13%
qu’j’comprends
13%
qu’je
13%
résultats
13%
savait
13%
sens
13%
sourcils
13%
sur
13%
terre
13%
pré refrain traite
13%
triche
13%
y’aura
13%
yeux
13%
anges
6%
chemin
6%
dehors
6%
devant
6%
d’ma
6%
douze
6%
d’pertes
6%
d’sensé
6%
épines
6%
fleur
6%
insensible
6%
j’avais
6%
j’étais
6%
main
6%
m’enfuire
6%
m’parle
6%
perdu
6%
pierre
6%
piges
6%
qu’j’l’ai
6%
qu’j’travail
6%
raison
6%
saigne
6%
saletée
6%
s’fige
6%
temps
6%
tiens
6%
tige
6%
tombale
6%
trouvent
6%
j´vais
0%
j´vois
0%
Aucun quiz correspondant
Distribution des résultats
% des personnes avec chaque résultat
Percentile par nombre de réponses
Votre historique - résultats
Vous n’avez pas pris ce quiz